| 000 | 00991nam a2200265 i 4500 | ||
|---|---|---|---|
| 001 | 180004 | ||
| 003 | ES-MaACL | ||
| 005 | 20250822050542.0 | ||
| 008 | 120314s2007 sp ap |||| |dspa d | ||
| 020 | _a978-84-96890-27-5 | ||
| 080 | _a016:82-93 | ||
| 080 | _a028.6 | ||
| 245 | 0 | 0 |
_aEscritores en la Luna de Papel / _c[compiladores], Pedro C. Cerrillo, Santiago Yubero. |
| 260 |
_aCuenca : _bDiputación Provincial de Cuenca, Sección de Publicaciones, _c2007. |
||
| 300 |
_a108 p. : _bil. ; _c20 x 20 cm. |
||
| 505 | 8 | _aContiene: Escritores españoles - Escritores extranjeros | |
| 650 | 0 | 4 |
_aLiteratura infantil- _vBiobibliografías. _9149616 |
| 650 | 7 |
_aAnimación a la lectura _2embne _99827 |
|
| 700 | 1 |
_aCerrillo, Pedro. _9148376 |
|
| 700 | 1 |
_aYubero Jiménez, Santiago. _9149615 |
|
| 710 | 1 |
_aCuenca (Provincia). _bDiputación Provincial. _93346 |
|
| 852 |
_aES-MaACL _jA-12037 _9186912 _bR.146826 _cDEPO1 _dOlim: N-5042 |
||
| 942 |
_2udc _cMONOGRAFIA |
||
| 999 |
_c180004 _d180004 |
||